Statistics for 15 Wise Sayings

Click here to take the quiz!

General Stats

  • This quiz has been taken 58 times
  • The average score is 6 of 15

Answer Stats

Answer% Correct
{OK dudes, let us begin...}
100%
We're sitting under the tree of our thinking minds, wondering why we're {not} getting any sunshine!
76%
Humor is the ability to see one reality from the perspective of {another}
74%
External silence can be the doorway to inner {silence}
70%
Once we're free, our acts can free other {people}
66%
As one individual changes, the {system} changes
64%
Words engage our minds, but in silence we hear the presence of {God}
50%
The path of the {heart} takes you out of the mind
22%
The gift you offer another person is just your {being}
20%
What we fear about {death} is the loss of control
20%
{Devotion} is the love affair betwween the soul and God
18%
We're not a wisdom society. We're a knowledge society; knowledge becomes outdated very quickly
and therefore old people become {obsolete}
18%
Suffering is the crucible where real {faith} is born
16%
Pure awareness is who I was when I was {Nobody}
10%
All spiritual practices are illusions created by illusionists to escape {illusion}
6%

Score Distribution

Percentile by Number Answered

Percent of People with Each Score

Your Score History

You have not taken this quiz